[Event "XXIII Open"]
[Site "Reykjavik ISL"]
[Date "2008.03.04"]
[Round "2"]
[White "Arngrimsson,D"]
[Black "Limontaite,S"]
[Result "1/2-1/2"]
[WhiteElo "2359"]
[BlackElo "2152"]

1.e4 c5 2.Nf3 Nc6 3.Bb5 g6 4.Bxc6 dxc6 5.d3 Bg7 6.h3 e5 7.Be3 Qe7 8.Nc3 Nf6
9.Qd2 Nd7 10.Ne2 f6 11.O-O Nf8 12.a3 Ne6 13.b4 Kf7 14.bxc5 Nxc5 15.Qc3 Ne6
16.d4 exd4 17.Nexd4 Rd8 18.Qc4 Kf8 19.Nf5 gxf5 20.exf5 Qf7 21.Rad1 Re8 22.fxe6  1/2-1/2

[Event "FSIM March"]
[Site "Budapest HUN"]
[Date "2008.03.05"]
[Round "4"]
[White "Lorand,N"]
[Black "Llaneza Vega,P"]
[Result "0-1"]
[WhiteElo "2259"]
[BlackElo "2281"]

1.e4 c5 2.Nf3 Nc6 3.Bb5 Nf6 4.Nc3 Qc7 5.O-O Nd4 6.Re1 a6 7.Bc4 e6 8.e5 Ng8
9.a4 Ne7 10.d3 Ng6 11.a5 Be7 12.Bd2 O-O 13.Na4 Nxf3+ 14.Qxf3 Nxe5 15.Qg3 d6
16.Nb6 Rb8 17.h4 Qd8 18.Bg5 Bd7 19.Bxe7 Qxe7 20.f4 Nxc4 21.dxc4 Bc6 22.Rad1 Qf6
23.c3 Rbd8 24.Qg5 Rfe8 25.Rd2 Kf8 26.Red1 Qxg5 27.hxg5 Ke7 28.b4 h6 29.gxh6 gxh6
30.Kf2 Rg8 31.g3 cxb4 32.cxb4 h5 33.Rd4 h4 34.gxh4 Rg2+ 35.Ke3 Rdg8 36.R4d3 Rh2
37.h5 Rxh5 38.Kd2 Rh4 39.Rf1 Be4 40.Re3 f5 41.b5 Rh2+ 42.Kc3 Ra2 43.Kb4 Rgg2
44.Na4 axb5 45.cxb5 Rgd2 46.a6 bxa6 47.b6 Rd4+ 48.Kc3 Raxa4 49.Rxe4 Rac4+  0-1

[Event "Match of Champions"]
[Site "Kharkiv UKR"]
[Date "2008.03.05"]
[Round "1"]
[White "Efimenko,Z"]
[Black "Moiseenko,A1"]
[Result "1-0"]
[WhiteElo "2638"]
[BlackElo "2643"]

1.e4 c5 2.Nf3 Nc6 3.Bb5 e6 4.O-O Nge7 5.Re1 a6 6.Bxc6 Nxc6 7.d4 cxd4 8.Nxd4 Qc7
9.Nxc6 bxc6 10.e5 d5 11.c4 Bc5 12.Be3 Bxe3 13.Rxe3 O-O 14.Qh5 f6 15.Nd2 fxe5
16.Qxe5 Qxe5 17.Rxe5 Rb8 18.b3 a5 19.a4 Bd7 20.Rc1 Kf7 21.f4 Ke7 22.g3 Rb4
23.Kf2 h6 24.h4 Kd6 25.Rc3 Rfb8 26.Rd3 Kc7 27.Ke3 R8b7 28.Kd4 Kd6 29.Kc3 Kc7
30.c5 Rb8 31.Rd4 Rxd4 32.Kxd4 Rb4+ 33.Kc3 Kd8 34.Nf3 Ke7 35.Nd4 Kf6 36.h5 Rb7
37.Re1 Rb4 38.g4 Rb8 39.Rf1 Rb7 40.Rg1 e5 41.fxe5+ Kxe5 42.g5 hxg5 43.Rxg5+ Kf6
44.Rg6+ Kf7 45.Nxc6 Bxc6 46.Rxc6 d4+ 47.Kc2 Re7 48.Ra6 Re3 49.Rxa5 Rc3+ 50.Kb2 Ke6
51.Rb5 Kd5 52.a5 Rf3 53.a6 Rf2+ 54.Ka3 Rf8 55.Kb4 d3 56.Kc3 Ke4 57.a7  1-0

[Event "58th ch-RUS w 1st liga"]
[Site "Smolensk RUS"]
[Date "2008.03.05"]
[Round "8"]
[White "Avdeenko,T"]
[Black "Savina,A"]
[Result "0-1"]
[WhiteElo "2194"]
[BlackElo "2202"]

1.e4 c5 2.Nf3 Nc6 3.Bb5 d6 4.Bxc6+ bxc6 5.O-O e5 6.c3 Nf6 7.Re1 Be7 8.d4 cxd4
9.cxd4 exd4 10.Nxd4 Bd7 11.Nc3 O-O 12.Bf4 Re8 13.Rc1 Bf8 14.Rc2 Qb6 15.Rd2 c5
16.Nf3 Bc6 17.Nd5 Nxd5 18.exd5 Bb5 19.Be3 a5 20.Qc2 Be7 21.Red1 h6 22.Qf5 Qc7
23.Rc2 Qd7 24.Qxd7 Bxd7 25.Bf4 g5 26.Bg3 f5 27.h4 f4 28.Bh2 Bg4 29.Rc3 Bf6
30.Rcd3 c4 31.R3d2 Bxf3 32.gxf3 Rab8 33.Rc1 Rec8 34.Rcc2 Rc5 35.Kg2 Kg7 36.Re2 Rxd5
37.Rxc4 Rxb2 38.Re8 Rxa2 39.h5 Rc5 40.Rce4 Re5  0-1

[Event "ch-UKR Girls u20"]
[Site "Odessa UKR"]
[Date "2008.03.06"]
[Round "2"]
[White "Dolzhikova,K"]
[Black "Orlyanskaya,D"]
[Result "1-0"]
[WhiteElo "2308"]
[BlackElo "2100"]

1.e4 c5 2.Nf3 Nc6 3.Bb5 Nf6 4.Nc3 a6 5.Bxc6 dxc6 6.O-O Bg4 7.Re1 Nd7 8.h3 Bxf3
9.Qxf3 e5 10.d3 Be7 11.Qg3 Bf6 12.Nd1 Qe7 13.Ne3 g6 14.Bd2 Bh4 15.Qf3 Bg5
16.Bc3 O-O 17.g3 h5 18.h4 Bh6 19.Kg2 b5 20.b3 Qe6 21.a4 Nb6 22.Kh2 Nd7 23.Bb2 Nf6
24.Kg2 Rfe8 25.Ra2 Ng4 26.Nxg4 hxg4 27.Qe2 b4 28.Raa1 a5 29.Rh1 Kg7 30.h5 Bg5
31.Rh2 Rh8 32.Rah1 gxh5 33.Rxh5 Rxh5 34.Rxh5 Kg6 35.Rh1 Rg8 36.f3 gxf3+ 37.Qxf3 Kg7
38.Qf5 Qxf5 39.exf5 f6 40.Kf3 Rh8 41.Rxh8 Kxh8 42.Ke4 Bd2 43.Bxe5 fxe5 44.Kxe5 Kg7
45.g4 Be3 46.Kd6 Kf6 47.Kxc6 Kg5 48.Kb5 Bd4 49.Kxa5 Kxg4 50.Kb5 Kxf5 51.a5 Ke6
52.Kc6 Ke5 53.a6 c4 54.dxc4 Ba7 55.Kb7 Bc5 56.a7 Bxa7 57.Kxa7 Kd4  1-0

[Event "XXIII Open"]
[Site "Reykjavik ISL"]
[Date "2008.03.06"]
[Round "4"]
[White "Arngrimsson,D"]
[Black "Cross,T"]
[Result "1-0"]
[WhiteElo "2359"]
[BlackElo "2079"]

1.e4 c5 2.Nf3 Nc6 3.Bb5 g6 4.Bxc6 dxc6 5.d3 Bg7 6.h3 b6 7.Nc3 e5 8.Be3 Ne7
9.Qd2 h6 10.Nh2 Be6 11.O-O Qd7 12.b3 O-O-O 13.b4 c4 14.Rfd1 f5 15.f3 g5 16.Qe2 cxd3
17.cxd3 g4 18.fxg4 fxg4 19.hxg4 Rhg8 20.Rd2 Bh8 21.a4 Bxg4 22.Nxg4 Rxg4 23.a5 Rdg8
24.axb6 Rxg2+ 25.Qxg2 Rxg2+ 26.Rxg2 a6 27.Rxa6 Qxd3 28.Ra8+ Kd7 29.Rd2  1-0

[Event "XXIII Open"]
[Site "Reykjavik ISL"]
[Date "2008.03.06"]
[Round "4"]
[White "Westerinen,H"]
[Black "Limontaite,S"]
[Result "1/2-1/2"]
[WhiteElo "2362"]
[BlackElo "2152"]

1.e4 c5 2.Nf3 Nc6 3.Bb5 g6 4.O-O Bg7 5.Re1 Nf6 6.e5 Nd5 7.Nc3 Nc7 8.Bxc6 dxc6
9.Ne4 Ne6 10.d3 O-O 11.Be3 b6 12.Qd2 f5 13.exf6 exf6 14.Bh6 a5 15.Bxg7 Kxg7
16.Re3 Nd4 17.h3 f5 18.Neg5 h6 19.Nxd4 cxd4 20.Ne6+ Bxe6 21.Rxe6 Qd7 22.Re5 Rae8
23.Qe2 Kf7 24.Re1 Rxe5 25.Qxe5 Re8 26.Qxe8+  1/2-1/2

[Event "58th ch-RUS w 1st liga"]
[Site "Smolensk RUS"]
[Date "2008.03.06"]
[Round "9"]
[White "Semenova,E"]
[Black "Ivanova,Ann"]
[Result "1/2-1/2"]
[WhiteElo "2012"]
[BlackElo "2169"]

1.e4 c5 2.Nf3 Nc6 3.Bb5 d6 4.O-O Bd7 5.d4 cxd4 6.Nxd4 Nf6 7.Re1 Nxd4 8.Bxd7+ Qxd7
9.Qxd4 g6 10.c4 Bg7 11.Nc3 O-O 12.Qd3 Rac8 13.Be3 Ng4 14.Bd4 Ne5 15.Bxe5 Bxe5
16.Rac1 Rc6 17.b3 Bxc3 18.Rxc3 Qc7 19.Qd2 Qa5 20.Rd3 Qxd2 21.Rxd2 Rfc8 22.f3 Kg7
23.e5 dxe5 24.Rxe5 Kf6 25.Red5 a6 26.Kf2 e6 27.Rd7 b5 28.cxb5 axb5 29.Rb7 Rc2
30.Ke2 Rxd2+ 31.Kxd2 Ra8 32.a4 bxa4 33.bxa4 Rxa4 34.Rb2 Ra3 35.Ke2 h5 36.h4 Kf5
37.Kf2 Ra4 38.Kg3 f6 39.Rb8 Ra6 40.Rb4 e5 41.Rb8 Ra3 42.Rb4 Rd3 43.Ra4 Rd1
44.Ra8 Rh1 45.Rb8 g5 46.hxg5 h4+ 47.Kf2 Kxg5 48.Rg8+ Kf5 49.Rh8 Kf4 50.Rg8 h3
51.Rg4+ Kf5 52.gxh3 Rxh3 53.Kg2 Rh8 54.Ra4 Rd8 55.Kf2 Rd4 56.Ra6 Kg5 57.Re6 Rf4
58.Ke3 Kh4 59.Re8 Kg5 60.Rg8+ Kf5 61.Ra8 Rb4 62.Ra3 Rb6 63.Rc3 Ke6 64.f4 Kf5
65.fxe5 fxe5 66.Ra3 Rh6 67.Ra4 Rh3+ 68.Ke2 e4 69.Ra8 Kf4 70.Rf8+ Ke5  1/2-1/2

[Event "Open"]
[Site "Blackpool ENG"]
[Date "2008.03.08"]
[Round "2"]
[White "Whyte,B"]
[Black "Radovanovic,J"]
[Result "0-1"]
[WhiteElo "2153"]
[BlackElo "2340"]

1.e4 c5 2.Nf3 Nc6 3.Bb5 Na5 4.Nc3 e6 5.O-O a6 6.Be2 Qc7 7.d4 cxd4 8.Qxd4 Nc6
9.Qe3 Nf6 10.Bd3 h5 11.Qg5 Ng4 12.Bf4 d6 13.Rfe1 Be7 14.Nd5 exd5 15.Qxg7 Bf6
16.exd5+ Ne7 17.Qxh8+ Bxh8  0-1

[Event "TCh-FIN 2007-8"]
[Site "Finland FIN"]
[Date "2008.03.08"]
[Round "8"]
[White "Sepp,O"]
[Black "Ivanov,SA"]
[Result "1/2-1/2"]
[WhiteElo "2445"]
[BlackElo "2334"]

1.Nf3 c5 2.e4 Nc6 3.Bb5 g6 4.O-O Bg7 5.c3 e5 6.Na3 Nge7 7.Nc4 O-O 8.Nd6 Qc7
9.Nxc8 Raxc8 10.d3 d5 11.exd5 Nxd5 12.Re1 Na5 13.Ba4 a6 14.Qe2 b5 15.Bc2 Rcd8
16.Bg5 Rd6 17.Rad1 b4 18.cxb4 Nxb4 19.a3 Nxc2 20.Qxc2 Rc6 21.Bd2 c4 22.Bxa5 Qxa5
23.dxc4 Rfc8 24.b3 Qxa3 25.Nxe5 Rb6 26.Rb1 Bxe5 27.Rxe5 a5 28.Ree1 Rcb8 29.Ra1 Qxb3
30.Qxb3 Rxb3 31.Rxa5 Rc3 32.c5  1/2-1/2

[Event "ch-RUS Girls u20"]
[Site "St Petersburg RUS"]
[Date "2008.03.08"]
[Round "1"]
[White "Vasilkova,S"]
[Black "Savina,A"]
[Result "1/2-1/2"]
[WhiteElo "2359"]
[BlackElo "2202"]

1.e4 c5 2.Nf3 Nc6 3.Bb5 d6 4.d4 cxd4 5.Qxd4 Bd7 6.Bxc6 Bxc6 7.Nc3 Nf6 8.Bg5 e6
9.O-O-O Be7 10.Qd3 O-O 11.Nd4 Rc8 12.f4 Qa5 13.h4 a6 14.Kb1 Rfd8 15.g4 Qc7
16.Bxf6 Bxf6 17.g5 Bxd4 18.Qxd4 b5 19.h5 d5 20.g6 dxe4 21.gxf7+ Kxf7 22.Qe3 Bd5
23.f5 Kg8 24.fxe6 Bxe6 25.Qxe4 Re8 26.Qg2 b4 27.Nd5 Bxd5 28.Rxd5 Re5 29.h6 Rxd5
30.Qxd5+ Qf7 31.Qd4 a5 32.Rg1 g6 33.Rd1 Rf8 34.b3 Re8 35.Qc5 Qf3 36.Qc4+ Qf7
37.Qb5 Qf8 38.Rf1 Qe7 39.Qxa5 Rf8 40.Qd5+ Kh8 41.Qd4+ Kg8 42.Rd1 Rc8 43.Qd7 Re8
44.Kb2 Qe5+ 45.Qd4 Qe7 46.Rd3 Rc8 47.Re3 Qc7 48.c3 Qh2+ 49.Kb1 Qg1+ 50.Kb2 Qf2+
51.Kb1 Qg1+ 52.Kb2 Qf2+  1/2-1/2

[Event "Open"]
[Site "Blackpool ENG"]
[Date "2008.03.09"]
[Round "4"]
[White "Purton,B"]
[Black "Hamer,M"]
[Result "1/2-1/2"]
[WhiteElo "2112"]
[BlackElo "1962"]

1.e4 c5 2.Nf3 Nc6 3.Bb5 g6 4.O-O Bg7 5.c3 Nf6 6.e5 Nd5 7.d4 cxd4 8.cxd4 O-O
9.Nc3 Nxc3 10.bxc3 d6 11.exd6 Qxd6 12.a4 Rd8 13.Ba3 Qc7 14.Qe2 e6 15.Rfd1 Bd7
16.Rac1 Rac8 17.h4 a6 18.Bd3 Na5 19.Qc2 Qc6 20.Bb4 Nc4 21.a5 Qc7 22.Ra1 Bc6
23.Ng5 Bd5 24.Qe2 e5 25.h5 exd4 26.hxg6 hxg6 27.Qg4 Nd6 28.cxd4 Qd7 29.Qh4 Bf6
30.Qh7+ Kf8 31.Ne4 Bxe4 32.Bxe4 Rc4 33.Bc5 Rxc5 34.dxc5 Bxa1 35.cxd6 Be5
36.Bd5 Bg7 37.Bf3 Qe6 38.Bxb7 Rxd6 39.Rc1  1/2-1/2

[Event "Spring Cup"]
[Site "Cheliabinsk RUS"]
[Date "2008.03.09"]
[Round "3"]
[White "Sveshnikov,E"]
[Black "Matsenko,S"]
[Result "1-0"]
[WhiteElo "2506"]
[BlackElo "2418"]

1.e4 c5 2.Nf3 Nc6 3.Bb5 e6 4.Bxc6 bxc6 5.d3 Ne7 6.Qe2 Qc7 7.h4 Ng6 8.h5 Nf4
9.Qd2 e5 10.Qc3 Nxg2+ 11.Kf1 Nf4 12.Bxf4 exf4 13.h6 Rg8 14.e5 d5 15.exd6 Qxd6
16.Nbd2 Be6 17.Ne4 Qd5 18.hxg7 Bxg7 19.Qxc5 f5 20.Rh5 O-O-O 21.Qxd5 Rxd5
22.Nc3 Rc5 23.Re1 Bf7 24.Rxh7 Bg6 25.Rh4 Bxc3 26.bxc3 Rxc3 27.Re7 Rxc2 28.Ne5 f3
29.Rc4 Rh8 30.Nxf3 Rxc4 31.dxc4 Rh7 32.Re6 Bf7 33.Rxc6+ Kb7 34.Ne5 Rh1+ 35.Ke2 Ra1
36.Rf6 Rxa2+ 37.Ke3 Be8 38.Rxf5 a5 39.Rf8 Bh5 40.f3 a4 41.c5 a3 42.c6+ Kc7
43.Ra8 Ra1 44.Ra7+ Kd6 45.Kf4 a2 46.Rd7+ Ke6 47.Rd2 Be8 48.Rc2 Rb1 49.Rxa2 Rb4+
50.Kg5 Rb5 51.f4 Rc5  1-0

[Event "TCh-FIN 2007-8"]
[Site "Finland FIN"]
[Date "2008.03.09"]
[Round "9"]
[White "Pulkkinen,K"]
[Black "Laitinen,Mi"]
[Result "1-0"]
[WhiteElo "2319"]
[BlackElo "1964"]

1.e4 c5 2.Nf3 Nc6 3.Bb5 Nf6 4.e5 Nd5 5.Nc3 Nxc3 6.dxc3 Qb6 7.a4 a6 8.Bc4 Qc7
9.Bf4 b6 10.Bxf7+ Kd8 11.Ng5 d6 12.Bd5  1-0

[Event "XXIII Open"]
[Site "Reykjavik ISL"]
[Date "2008.03.09"]
[Round "7"]
[White "Hammer,J"]
[Black "Thomassen,J"]
[Result "1/2-1/2"]
[WhiteElo "2441"]
[BlackElo "2308"]

1.e4 c5 2.Nf3 Nc6 3.Bb5 d6 4.Bxc6+ bxc6 5.O-O e5 6.c3 Nf6 7.Qa4 Bd7 8.Qc2 Bg4
9.d4 Bxf3 10.gxf3 cxd4 11.cxd4 Qc8 12.dxe5 dxe5 13.Be3 Be7 14.Nd2 O-O 15.Kh1 Qh3
16.Rg1 Nh5 17.Qc4 Rad8 18.Qf1 Qe6 19.Qc4 Qh3 20.Rg2 Rd7 21.Qxc6 Rfd8 22.Rag1 g6
23.Qc3 f6 24.Rg4 Kg7 25.Qc1 Bb4 26.Qf1 Qxf1 27.Nxf1 Rd1 28.a3 Bf8 29.Bxa7 Rb1
30.Ne3 Rxb2 31.Nd5 Bxa3 32.Ra1 Bf8 33.Be3 Rb7 34.Rgg1 Kf7 35.Rgc1 Rdb8 36.Kg2 Rd8
37.Rc6 Rbd7 38.Kf1 Rd6 39.Rc4 R6d7 40.Bb6 Rb8 41.Rc6 Be7 42.Be3 Rdb7 43.Raa6 Bd8
44.Kg2 Rd7 45.h3 Kg7 46.Kh2 Kf7 47.Kg2 Kg7 48.Kh2 Kf7 49.Bc5 Kg7 50.Bd6 Rbb7
51.Rc8 Kf7 52.Bb8 Rb5 53.Ra8 Ra5 54.Rxd8 Rxd8 55.Rxa5 Rxb8 56.Ra7+ Kg8 57.h4 Rf8
58.Kh3 Rf7 59.Ra8+ Kg7 60.Re8 Rb7 61.Re6 Ra7 62.Rb6 Rf7 63.Kg2 Ra7 64.Kh2 Rf7
65.Kg1 Ra7 66.Kg2 Rf7 67.Kh2 Ra7 68.Rc6 Rf7 69.Nc7 Re7 70.Nd5 Rf7 71.Rb6 Ra7
72.Kg2 Rf7 73.Rd6 Rb7 74.Rc6 Ra7 75.Kh3 Rf7 76.Kg4 Ra7 77.f4 exf4 78.Rb6 Rf7
79.Nxf4 f5+ 80.exf5 Nxf4 81.Kxf4  1/2-1/2

[Event "10th WCh-University"]
[Site "Novokuznetsk RUS"]
[Date "2008.03.10"]
[Round "9"]
[White "Filippov,An UZB"]
[Black "Kuderinov,K"]
[Result "0-1"]
[WhiteElo "2502"]
[BlackElo "2416"]

1.e4 c5 2.Nf3 Nc6 3.Bb5 g6 4.O-O Bg7 5.Bxc6 bxc6 6.Nc3 Nh6 7.b3 O-O 8.Bb2 e5
9.d3 d6 10.h3 f5 11.Nh2 f4 12.f3 Nf7 13.Ne2 h5 14.c3 g5 15.d4 Qe7 16.Kh1 Nh6
17.dxc5 dxc5 18.Ng1 c4 19.bxc4 Rf6 20.a4 Rg6 21.Ba3 Qf6 22.Ra2 g4 23.fxg4 hxg4
24.hxg4 Nxg4 25.Nxg4 Bxg4 26.Nf3 Rh6+ 27.Kg1 Qg6 28.Rd2 Bf6 29.Rd6 Qxe4 30.Re1 Qf5
31.Rxc6 e4 32.Rc5 Qe6 33.Ng5 Bxd1 34.Nxe6 Bc2 35.Bb4 f3 36.Rc1 e3 37.Rxc2 Rh1+
38.Kxh1 e2 39.gxf3 e1=Q+ 40.Kh2 Qh4+ 41.Kg2 Kf7 42.Rc7+ Kxe6 43.Re2+ Kf5
44.Rc5+ Kg6 45.Re4 Qh6 46.Rg4+ Kh7 47.Rc7+ Kh8 48.Be7 Rb8 49.Bxf6+ Qxf6 50.Rc5 Rb2+
51.Kg1 Qb6 52.Rg5 Rb1+ 53.Kh2 Qd6+ 54.Kh3 Rh1+ 55.Kg4 Rg1+ 56.Kh5 Qh2+  0-1

[Event "ch-UKR Girls u20"]
[Site "Odessa UKR"]
[Date "2008.03.10"]
[Round "6"]
[White "Dolzhikova,K"]
[Black "Muzychuk,M"]
[Result "1/2-1/2"]
[WhiteElo "2308"]
[BlackElo "2357"]

1.e4 c5 2.Nf3 Nc6 3.Bb5 Nf6 4.Nc3 Qc7 5.O-O Nd4 6.d3 a6 7.Ba4 Ng4 8.g3 Nxf3+
9.Qxf3 Ne5 10.Qe2 e6 11.f4 Nc6 12.f5 Nd4 13.Qf2 b5 14.Bb3 Bb7 15.Bf4 e5 16.Be3 Nxb3
17.axb3 Be7 18.g4 h6 19.Qg2 d6 20.Ne2 Qd8 21.c4 Bg5 22.Bf2 h5 23.gxh5 bxc4
24.bxc4 Rxh5 25.Qg4 Rh8 26.Kg2 Qf6 27.h4 Bxh4 28.Rh1 g5 29.Be3 Ke7 30.Ra3 Rab8
31.Ra2 Qg7 32.Kf3 f6 33.Nc3 Qg8 34.Ra3 Qc8 35.Rha1 Bc6 36.b3 Rb6 37.Ke2 Qb7
38.Kf3 Kf8 39.Bd2 Rh7 40.Ke2 Be8 41.Nd5 Rxb3 42.Rxb3 Qxb3 43.Nxf6 Rh6 44.Nxe8 Kxe8
45.Rxa6 Qb7 46.Ra2 Kf7 47.Ra5 Kf6 48.Rb5 Qa7 49.Ra5 Qb7 50.Rb5 Qa7 51.Ra5  1/2-1/2

[Event "Spring Cup"]
[Site "Cheliabinsk RUS"]
[Date "2008.03.12"]
[Round "6"]
[White "Looshnikov,N"]
[Black "Matsenko,S"]
[Result "1/2-1/2"]
[WhiteElo "2454"]
[BlackElo "2418"]

1.e4 c5 2.Nf3 Nc6 3.Bb5 e6 4.O-O Nge7 5.c3 a6 6.Be2 d5 7.exd5 Nxd5 8.d4 cxd4
9.Nxd4 Bd6 10.Nxc6 bxc6 11.Nd2 O-O 12.Nc4 Bc7 13.Qd4 Qe7 14.Be3 e5 15.Qc5 Qe6
16.Rad1 a5 17.Rfe1 Ba6 18.Bc1 Rfd8 19.a4 Rd7 20.Bf1 e4 21.b4 axb4 22.cxb4 Rb8
23.Ba3 h6 24.g3 f5 25.Ne5 Bxe5 26.Bxa6 Bc3 27.Rf1 f4 28.Bc4 f3 29.Kh1 Rbd8
30.b5 cxb5 31.axb5 Kh7 32.Rg1 Qe5 33.b6 Nxb6 34.Qxe5 Bxe5 35.Rxd7 Nxd7 36.Rd1 Ra8
37.Be7 Nf6 38.Bxf6 Bxf6 39.Bd5 Ra4 40.h4 Kg6 41.Kh2 Kf5 42.h5 Rb4 43.Bf7 Bd4
44.Kg1 Ke5 45.Bg6 Rb2 46.Rf1 Re2 47.Bh7 Kf6 48.Kh2 Kg5 49.Kh3 Kf6 50.Kg4 Ke5
51.Rb1 Bb2 52.Rf1 Bc3 53.Rc1 Kd4 54.Rd1+ Rd2 55.Rc1 Re2 56.Rd1+ Bd2 57.Ra1 Be1
58.Kf4 Bd2+ 59.Kg4 Ke5 60.Ra8 Be1 61.Re8+ Kd4 62.Rd8+ Kc3 63.Re8 Kd4 64.Rd8+ Kc3
65.Re8 Rxf2 66.Bxe4 Rg2 67.Bxf3  1/2-1/2

[Event "ch-RUS Girls u20"]
[Site "St Petersburg RUS"]
[Date "2008.03.12"]
[Round "5"]
[White "Ambartsumova,K"]
[Black "Savina,A"]
[Result "0-1"]
[WhiteElo "2228"]
[BlackElo "2202"]

1.e4 c5 2.Nf3 Nc6 3.Bb5 g6 4.O-O Bg7 5.Re1 Nf6 6.e5 Nd5 7.Nc3 Nc7 8.Bxc6 dxc6
9.Ne4 Ne6 10.d3 O-O 11.Be3 b6 12.Qd2 f5 13.exf6 exf6 14.Bh6 a5 15.Bxg7 Kxg7
16.Ng3 Ra7 17.Re4 Nd4 18.Nxd4 cxd4 19.Qf4 c5 20.Rae1 Raf7 21.f3 Bb7 22.R4e2 Bd5
23.b3 Qc7 24.Qg4 Kh8 25.h4 Qd7 26.Qf4 Qc7 27.Qh6 Qxg3 28.Re8 Qd6 29.R1e7 Rg8  0-1

[Event "ch-UKR Girls u20"]
[Site "Odessa UKR"]
[Date "2008.03.13"]
[Round "9"]
[White "Muzychuk,M"]
[Black "Orlyanskaya,D"]
[Result "1-0"]
[WhiteElo "2357"]
[BlackElo "2100"]

1.e4 c5 2.Nf3 Nc6 3.Bb5 Nf6 4.Nc3 a6 5.Bxc6 dxc6 6.h3 g6 7.d3 Qc7 8.e5 Nd5
9.Ne4 Bg7 10.c4 Nb6 11.Qe2 O-O 12.Bf4 Nd7 13.Nc3 Rd8 14.Qe3 Nf8 15.e6 Qa5
16.exf7+ Kxf7 17.Be5 Bf6 18.O-O-O b5 19.g4 Ra7 20.Kb1 Rad7 21.Ne4 bxc4 22.Nxf6 exf6
23.Qf4 f5 24.gxf5 Kg8 25.Bc3 Qc7 26.Qxc7 Rxc7 27.Ba5 Rcd7 28.Bxd8 Rxd8 29.fxg6 Nxg6
30.dxc4 Rxd1+ 31.Rxd1 Bxh3 32.Rd6 Bg2 33.Ne1 Be4+ 34.Kc1 Nf4 35.f3 Bg6 36.Rxc6 h5
37.Rf6 Nd3+ 38.Nxd3 Bxd3 39.Rh6 Bxc4 40.Rxh5 Bxa2 41.Rxc5 Kf7 42.f4 Be6 43.Rc6 a5
44.Ra6  1-0

[Event "ch-UKR Boys u20"]
[Site "Odessa UKR"]
[Date "2008.03.14"]
[Round "10"]
[White "Tukhaev,A"]
[Black "Bogdanovich,S"]
[Result "1-0"]
[WhiteElo "2524"]
[BlackElo "2286"]

1.e4 c5 2.Nf3 Nc6 3.Bb5 g6 4.Bxc6 dxc6 5.d3 Bg7 6.h3 Nf6 7.Nc3 Nd7 8.Be3 e5
9.Qd2 h6 10.O-O Qe7 11.Nh2 Nf8 12.f4 exf4 13.Rxf4 Be6 14.a3 Nd7 15.Rff1 O-O-O
16.Rae1 Ne5 17.Qf2 b6 18.Nb1 Rhe8 19.Nd2 c4 20.d4 c3 21.bxc3 Nc4 22.Qe2 Nxe3
23.Qxe3 Qxa3 24.e5 Bd5 25.Ng4 f5 26.Nf2 g5 27.Ra1 Qe7 28.Qd3 Qd7 29.Nc4 Bxc4
30.Qxc4 Bf8 31.Ra6 Kb8 32.Rfa1 Rc8 33.Rxa7 Qxa7 34.Rxa7 Kxa7 35.Qf7+ Be7
36.Qxf5 Red8 37.Qe6 Rc7 38.Ne4 Kb7 39.Nd2 h5 40.Nb3 Rcd7 41.c4 Ba3 42.c3 Bb2
43.d5 cxd5 44.c5 bxc5 45.Nxc5+  1-0

[Event "ch-RUS Girls u20"]
[Site "St Petersburg RUS"]
[Date "2008.03.14"]
[Round "7"]
[White "Ambartsumova,K"]
[Black "Vasilkova,S"]
[Result "1/2-1/2"]
[WhiteElo "2228"]
[BlackElo "2359"]

1.e4 c5 2.Nf3 Nc6 3.Bb5 d6 4.O-O Bd7 5.Re1 Nf6 6.c3 a6 7.Bf1 Bg4 8.d4 cxd4
9.cxd4 e5 10.d5 Nd4 11.Be3 Nxf3+ 12.gxf3 Bd7 13.Nc3 Be7 14.Qb3 b5 15.a4 bxa4
16.Nxa4 O-O 17.Nb6 Rb8 18.Rxa6 Bc8 19.Ra8 Rxa8 20.Nxa8 Qa5 21.Rc1 Qxa8 22.Rc7 Bd7
23.Ra7 Qb8 24.Rb7 Qd8 25.Bb6 Qa8 26.Ra7 Qb8 27.Ba6 Bd8 28.Rb7 Qc8 29.Be3 Bc7
30.Qc4 Bb8 31.Qb4 Bh3 32.Qa4 Nd7 33.Qc6 Qd8 34.Bf1 Nc5 35.Bxh3 Nxb7 36.Qxb7 Bc7
37.b4 Qe7 38.b5 Rb8 39.Qc6 Qd8 40.Ba7 Rb6 41.Bxb6 Bxb6 42.Qc8  1/2-1/2

[Event "ch-SRB"]
[Site "Mataruska Banja SRB"]
[Date "2008.03.15"]
[Round "1"]
[White "Sedlak,N"]
[Black "Drazic,S"]
[Result "1-0"]
[WhiteElo "2568"]
[BlackElo "2489"]

1.e4 c5 2.Nf3 Nc6 3.Bb5 d6 4.O-O Bd7 5.Re1 a6 6.Bf1 Nf6 7.c3 e6 8.d4 cxd4
9.cxd4 d5 10.e5 Ne4 11.Nc3 Nxc3 12.bxc3 Be7 13.Bd3 Na5 14.Rb1 Qc7 15.Bd2 h6
16.h4 Nc4 17.Bf4 Na3 18.Rc1 Bb5 19.Bxb5+ axb5 20.h5 Nc4 21.Re2 Ra6 22.Nh2 Kd7
23.Qd3 f5 24.Qg3 Raa8 25.Qg6 Qd8 26.Nf1 Qe8 27.Ng3 Qxg6 28.hxg6 h5 29.Nf1 Kc6
30.Nh2 Ra3 31.Nf3 Rha8 32.Rcc2 b4 33.cxb4 Bxb4 34.Kh2 Rd3 35.Rc1 Rda3 36.Ng5 Kd7
37.Rb1 R8a4 38.Nf7 b6 39.Rb3 Bf8 40.Rh3 Rxh3+ 41.Kxh3 Ra3+ 42.Kh4 Rd3 43.Be3 Be7+
44.Kg3 b5 45.Kf3 Rd1 46.Rc2 h4 47.Bh6 Bf8 48.Be3 Be7 49.Bh6 Rxd4 50.Bxg7 Rg4
51.Nh8 d4 52.Rc1 Bg5 53.Rd1 Re4 54.g4 Rxg4 55.Bf6 Kc6 56.Bxg5 Nxe5+ 57.Ke2 Rxg5
58.Nf7 Rg2 59.Nxe5+ Kd5 60.Nf3 e5 61.Nxh4 Rg5 62.f4 Rg4 63.Nf3 Rg2+ 64.Kf1 Rxg6
65.fxe5 Ke4 66.Kf2 d3 67.e6 Rg8 68.Rb1 Ra8 69.e7 d2 70.Nxd2+ Kd3 71.Re1  1-0

[Event "ch-Siberia"]
[Site "Novokuznetsk RUS"]
[Date "2008.03.15"]
[Round "3"]
[White "Tsydypov,Z"]
[Black "Telelyaev,A"]
[Result "0-1"]
[WhiteElo "2022"]
[BlackElo "2114"]

1.e4 c5 2.Nf3 Nc6 3.Bb5 g6 4.Bxc6 dxc6 5.d3 Bg7 6.h3 Nf6 7.e5 Nd5 8.O-O O-O
9.Nc3 Nxc3 10.bxc3 Qa5 11.Bd2 c4 12.d4 Bf5 13.Nh4 Be4 14.f3 Bd5 15.f4 f6
16.Nf3 Qa4 17.Be3 Be4 18.Rf2 Qa3 19.Qe1 Bd5 20.Bc1 Qa5 21.a4 Rfe8 22.Ba3 Qc7
23.Qe3 Qd7 24.a5 b6 25.Bb4 Reb8 26.Nh4 fxe5 27.fxe5 Rf8 28.Raf1 Rxf2 29.Rxf2 Rf8
30.Rxf8+ Bxf8 31.Nf3 bxa5 32.Bxa5 Qf5 33.Ne1 Qe4 34.Qxe4 Bxe4 35.Kf2 Bh6
36.Ke2 Kf7 37.g4 Bf4 38.Bc7 e6 39.Bd6 a5 40.Ba3 Kg7 41.Kd1 h5 42.Be7 Kf7
43.Bd6 a4 44.Bc5 Bg5 45.Ba3 Bd8 46.Bb4 hxg4 47.hxg4 Bh4 48.Ke2 Bg2 49.Kd1  0-1

[Event "ch-Siberia"]
[Site "Novokuznetsk RUS"]
[Date "2008.03.15"]
[Round "3"]
[White "Simonov,S"]
[Black "Bocharov,I"]
[Result "1/2-1/2"]
[WhiteElo "2317"]
[BlackElo "2435"]

1.e4 c5 2.Nf3 Nc6 3.Bb5 e6 4.Bxc6 bxc6 5.O-O d5 6.d3 Ne7 7.Nc3 Ng6 8.Re1 Be7
9.b3 O-O 10.Na4 c4 11.dxc4 dxc4 12.Qxd8 Rxd8 13.Be3 e5 14.Nd2 cxb3 15.axb3 Be6
16.Red1 f5 17.f3 Bb4 18.Nc5 f4 19.Bf2 Bf7 20.Nd3 a5 21.Nxb4 axb4 22.Rxa8 Rxa8
23.Bc5 Ra2 24.Rc1 Nf8 25.Bd6 Nd7 26.Bxb4 Be6 27.Kf1 Kf7 28.Ke2 g5 29.Kd3 g4
30.Nc4 Ra8 31.fxg4 Bxg4 32.g3 Ke6 33.gxf4 exf4 34.Bd6 f3 35.Ke3 Ra2 36.Bg3 Bh5
37.Nd2 Nf6 38.Nxf3 Bg6 39.Nd4+ Kd7 40.e5 Nd5+ 41.Kd2 c5 42.Nf3 Nb4 43.Ne1 Kc6
44.e6 Ra8 45.Nd3 Nxd3 46.cxd3 Rd8 47.Rc3 Re8 48.b4 Rxe6 49.Rxc5+ Kb7 50.Be5 Ra6
51.h4 Ra2+ 52.Ke3 Rg2 53.Bd6 Kb6 54.h5 Be8 55.Re5 Bf7 56.Rf5 Be8 57.Bc5+ Ka6
58.Rf6+ Kb5 59.h6 Rg3+ 60.Kd2 Bg6 61.Rd6 Rh3 62.Be3 Kxb4 63.Rb6+ Ka5 64.Rb7 Rh2+
65.Kc3 Rh3 66.Kd4 Ka6 67.Rb3 Rh4+ 68.Kc3 Rh3 69.Rb6+ Ka5 70.Re6 Kb5 71.d4 Rh5
72.Bf4 Rh3+ 73.Be3 Rh5 74.Rd6 Rh2 75.Rd5+ Kc6 76.Re5 Rh5 77.Re7 Kd6  1/2-1/2

[Event "Victor Ciocaltea mem"]
[Site "Bucharest ROM"]
[Date "2008.03.16"]
[Round "3"]
[White "Murariu,A"]
[Black "Chirila,I"]
[Result "1-0"]
[WhiteElo "2483"]
[BlackElo "2400"]

1.e4 c5 2.Nf3 Nc6 3.Bb5 e6 4.Bxc6 bxc6 5.b3 d5 6.Qe2 Be7 7.Bb2 Nf6 8.d3 O-O
9.c4 Ne8 10.O-O f6 11.e5 f5 12.h4 Nc7 13.g3 Bd7 14.Bc1 h6 15.Nh2 Be8 16.Nc3 g5
17.hxg5 hxg5 18.f4 gxf4 19.Bxf4 Bg6 20.Kg2 Kf7 21.Nf3 Rh8 22.Rh1 Qd7 23.Ng5+ Kg7
24.Na4 Rag8 25.Qe3 Na6 26.Qd2 Nb4 27.a3 Nxd3 28.Qxd3 Bxg5 29.Nxc5 Rxh1 30.Bxg5 Rxa1
31.Nxd7 f4 32.Qd2 Be4+ 33.Kf2 fxg3+ 34.Kxg3 Rg1+ 35.Kf4 Kf7 36.Qf2 R8xg5
37.Qxa7 Rf5+ 38.Ke3 Kg6 39.Qb8 Rg3+ 40.Kd4 Kg5 41.Qg8+ Kf4 42.Qxe6 Rd3+ 43.Kc5 Rxb3
44.Qh6+ Kg3 45.e6 dxc4+ 46.Kd6 Rd3+ 47.Kc7 Bd5 48.e7 Bf7 49.Nc5 Rdf3 50.Ne4+ Kg4
51.Nd6 Re5 52.Qg7+ Rg5 53.Qxf7  1-0

[Event "TCh-HUN 2007-8"]
[Site "Budapest HUN"]
[Date "2008.03.16"]
[Round "8"]
[White "Nevednichy,V"]
[Black "Kiss,At"]
[Result "1-0"]
[WhiteElo "2531"]
[BlackElo "2383"]

1.e4 c5 2.Nf3 Nc6 3.Bb5 g6 4.c3 Nf6 5.Qe2 Bg7 6.O-O O-O 7.Rd1 e5 8.h3 Re8
9.d3 a6 10.Bxc6 dxc6 11.Be3 b6 12.Nbd2 Qc7 13.b4 cxb4 14.cxb4 a5 15.Nc4 Nd7
16.bxa5 b5 17.Nb6 Rxa5 18.Qd2 Ra6 19.Nxd7 Bxd7 20.Bc5 Be6 21.a3 Rd8 22.Qe3 h6
23.Rac1 Rd7 24.Rc3 Qd8 25.Rdc1 Kh7 26.Bb4 f6 27.R1c2 h5 28.Qe2 Bf7 29.Rc1 Qa8
30.Qc2 Be8 31.Rd1 Rd8 32.Bc5 Qb7 33.d4 exd4 34.Rcd3 Qf7 35.Rxd4 Rxd4 36.Rxd4 Ra8
37.e5 Kg8 38.exf6 Bxf6 39.Rf4 Qe6 40.Bd4 Bxd4 41.Rxd4 Qf6 42.Qc5 Rd8 43.Rxd8 Qxd8
44.h4 Qf6 45.Ng5 Bf7 46.Qe3 Kg7 47.Qa7 Kg8 48.Qb8+ Kg7 49.Qc7 Qa1+ 50.Kh2 Qf6
51.f3 Kg8 52.Kg3 Bd5 53.Nh3 Qc3 54.Qd8+ Kg7 55.Qe7+ Kg8 56.Kh2 Qg7 57.Qd6 Qf7
58.Ng5 Qf5 59.Kg3 Kg7 60.Qe7+ Kg8 61.Nh7 Qf7 62.Nf6+ Kg7 63.Ne8+ Kg8 64.Nf6+ Kg7
65.Nxd5 cxd5 66.Qe5+ Kh7 67.Qd6 Qf5 68.Qe7+ Kh6 69.Qe8 Kh7 70.Qxb5 Qe5+ 71.Kf2 Qd4+
72.Ke2 Qxh4 73.Qxd5 Qa4 74.Qb7+  1-0